Milénium. 1, Země ohrožená /

První díl sci-fi trilogie vypráví o kosmickém spiknutí, které má v novém tisíciletí uvést na Zemi civilizaci z kosmu.

Uloženo v:
Hlavní autor: Neff, Ondřej, 1945- (Autor)
Médium: E-kniha
Jazyk:Czech
Vydáno: Praha : Městská knihovna v Praze, 2026
Vydání:V MKP 1. elektronické vydání
Témata:
On-line přístup:Odkaz na plný text
Plný text
Plný text
Plný text
Obálka
Tagy:
Žádné tagy
LEADER 02242nam a2200421 i 4500
001 5232830
003 CZ-PrMKP
005 20260513141509.1
007 ta
008 260421s2026----xr-----go-----000-f-cze--
020 |a 978-80-274-5002-2  |q (online ;  |q pdf) 
020 |a 978-80-274-5001-5  |q (online ;  |q epub) 
020 |a 978-80-274-5003-9  |q (online ;  |q prc) 
040 |a ABG001  |b cze  |e rda 
072 7 |a 821.162.3-3  |x Česká próza  |2 Konspekt  |9 25 
080 |a 821.162.3-31  |2 MRF_2003 
080 |a (0:82-311.9)  |2 MRF_2003 
100 1 |a Neff, Ondřej,  |d 1945-  |7 jk01082907  |4 aut 
245 1 0 |a Milénium.  |n 1,  |p Země ohrožená /  |c Ondřej Neff 
246 3 0 |a Země ohrožená 
250 |a V MKP 1. elektronické vydání 
264 1 |a Praha :  |b Městská knihovna v Praze,  |c 2026 
300 |a 1 online zdroj (327 stran) ; 
336 |a text  |b txt  |2 rdacontent 
337 |a počítač  |b c  |2 rdamedia 
338 |a online zdroj  |b cr  |2 rdacarrier 
520 2 |a První díl sci-fi trilogie vypráví o kosmickém spiknutí, které má v novém tisíciletí uvést na Zemi civilizaci z kosmu.  |b Román se opírá o věštbu středověkého astronoma Nostradama a na základě výkladu jeho veršů o konci tisíciletí rozvíjí myšlenku, že v hlubinách Země číhá na svou příležitost plemeno inteligentních ještěrů z kosmu, které připravuje lidstvo na transformaci do jejich podoby a jejich představ civilizace. Román končí prvním dnem r. 2000, kdy spiknutí vrcholí a transformace začíná být skutečností. 
655 7 |a české romány  |7 fd133974  |2 czenas 
655 7 |a vědecko-fantastické romány  |7 fd133847  |2 czenas 
655 9 |a Czech fiction  |2 eczenas 
655 9 |a science fiction novels  |2 eczenas 
710 2 |a Městská knihovna (Praha, Česko)  |7 kn20010709068  |4 pbl 
856 4 1 |u http://search.mlp.cz/searchMKP.jsp?action=sTitul&key=5232830  |y Odkaz na plný text 
856 4 1 |q epub  |u https://web2.mlp.cz/koweb/00/05/23/28/30/zeme_ohrozena.epub  |y Plný text 
856 4 1 |q pdf  |u https://web2.mlp.cz/koweb/00/05/23/28/30/zeme_ohrozena.pdf  |y Plný text 
856 4 1 |q prc  |u https://web2.mlp.cz/koweb/00/05/23/28/30/zeme_ohrozena.prc  |y Plný text 
856 4 1 |u https://web2.mlp.cz/koweb/00/05/23/28/30.jpg  |y Obálka 
910 |a ABG001